|
|
|
|
| LEADER |
01213nam a2200265 a 4500 |
| 001 |
1177458 |
| 008 |
100110s1996 bg a b 001 0 eng d |
| 010 |
|
|
|a \\\96905445
|
| 020 |
|
|
|a 9840513478
|
| 040 |
|
|
|a DLC
|c DLC
|d DLC
|d BD-DhAAL
|
| 082 |
0 |
0 |
|a 327.52054
|2 21
|
| 100 |
0 |
|
|a Abul Kalam.
|
| 245 |
1 |
0 |
|a Japan and South Asia :
|b subsystematic linkages and developing relationships /
|c Abul Kalam.
|
| 260 |
|
|
|a Dhaka :
|b University Press Ltd.,
|c 1996.
|
| 300 |
|
|
|a xx, 285 p. :
|b ill. ;
|c 22 cm.
|
| 504 |
|
|
|a Includes bibliographical references (p. [259]-279) and index.
|
| 541 |
1 |
|
|e 00008293
|
| 651 |
|
0 |
|a Japan
|x Foreign relations
|z South Asia.
|
| 651 |
|
0 |
|a South Asia
|x Foreign relations
|z Japan.
|
| 651 |
|
0 |
|a Japan
|x Foreign economic relations
|z South Asia.
|
| 651 |
|
0 |
|a South Asia
|x Foreign economic relations
|z Japan.
|
| 852 |
4 |
|
|a Ayesha Abed Library
|j General shelf
|
| 999 |
|
|
|c 6826
|d 6826
|
| 952 |
|
|
|0 0
|1 0
|2 ddc
|4 0
|6 327_520540000000000_ABU_1996
|7 0
|9 7033
|a BRACUL
|b BRACUL
|c GEN
|d 2010-01-11
|l 1
|m 16
|o 327.52054 ABU
|p 3010008293
|r 2016-05-04
|s 2016-01-27
|t 1
|w 2010-01-11
|y BK
|
| 952 |
|
|
|0 0
|1 0
|2 ddc
|4 0
|6 327_520540000000000_ABU
|7 0
|9 43345
|a SCL
|b SCL
|c GEN
|d 1998-11-14
|g 390.00
|l 0
|o 327.52054 ABU
|p 3020000563
|r 2014-07-22
|t 2
|w 2014-07-22
|y BK
|